Management : A Global and Entrepreneurial Perspective (Record no. 87909)

MARC details
000 -LEADER
fixed length control field 00550nam a2200205Ia 4500
008 - FIXED-LENGTH DATA ELEMENTS--GENERAL INFORMATION
fixed length control field 230125s9999 xx 000 0 und d
020 ## - INTERNATIONAL STANDARD BOOK NUMBER
International Standard Book Number 0-07-070072-9
041 ## - LANGUAGE CODE
Language code of text/sound track or separate title eng
082 ## - DEWEY DECIMAL CLASSIFICATION NUMBER
Classification number 658.001
Item number WEI/CAN
100 ## - MAIN ENTRY--PERSONAL NAME
Personal name Weihrich H
9 (RLIN) 109450
245 ## - TITLE STATEMENT
Title Management : A Global and Entrepreneurial Perspective
250 ## - EDITION STATEMENT
Edition statement 13th ed
260 ## - PUBLICATION, DISTRIBUTION, ETC. (IMPRINT)
Date of publication, distribution, etc. 2010
Name of publisher, distributor, etc. Tata McGraw Hill
Place of publication, distribution, etc. New Delhi
300 ## - PHYSICAL DESCRIPTION
Extent 537p
500 ## - GENERAL NOTE
Keywords PPM
650 ## - SUBJECT ADDED ENTRY--TOPICAL TERM
Topical term or geographic name as entry element Management
700 ## - ADDED ENTRY--PERSONAL NAME
Personal name Weihrich H; Cannice M V & Koontz H
9 (RLIN) 111053
906 ## - LOCAL DATA ELEMENT F, LDF (RLIN)
b 131
Holdings
Withdrawn status Lost status Damaged status Not for loan Home library Current library Date acquired Vendor Cost, normal purchase price Bill number Total Checkouts Full call number Barcode Date last seen Cost, replacement price Bill Date Koha item type Original Barcode
        Smt. Hiraben Nanavati Institute of Management & Research for Women Smt. Hiraben Nanavati Institute of Management & Research for Women 17/09/2010 Pritam Book Centre 525.00 7035   658.001 WEI/CAN B08842 HIMR-BK-8842 25/01/2023 394.00 03/09/2010 Books B08842
        Smt. Hiraben Nanavati Institute of Management & Research for Women Smt. Hiraben Nanavati Institute of Management & Research for Women 07/12/2010 Forward Books 525.00 4371   658.001 WEI/CAN B09329 HIMR-BK-9329 25/01/2023 410.00 22/11/2010 Books B09329